Doctrine, practice, and advocacy in the Inter-American human rights system / (Record no. 6176)

MARC details
000 -LEADER
fixed length control field 05692cam a2200541 i 4500
001 - CONTROL NUMBER
control field on1078955030
003 - CONTROL NUMBER IDENTIFIER
control field TZ-ArACH
005 - DATE AND TIME OF LATEST TRANSACTION
control field 20250516170551.0
008 - FIXED-LENGTH DATA ELEMENTS--GENERAL INFORMATION
fixed length control field 181207s2019 nyu b 001 0 eng
010 ## - LIBRARY OF CONGRESS CONTROL NUMBER
LC control number 2018058259
015 ## - NATIONAL BIBLIOGRAPHY NUMBER
National bibliography number GBB9C9848
Source bnb
016 7# - NATIONAL BIBLIOGRAPHIC AGENCY CONTROL NUMBER
Record control number 019483042
Source Uk
020 ## - INTERNATIONAL STANDARD BOOK NUMBER
International Standard Book Number 9780190900861
Qualifying information hardcover
-- alkaline paper
020 ## - INTERNATIONAL STANDARD BOOK NUMBER
International Standard Book Number 0190900865
Qualifying information hardcover
-- alkaline paper
035 ## - SYSTEM CONTROL NUMBER
System control number (OCoLC)1078955030
Canceled/invalid control number (OCoLC)1099999485
040 ## - CATALOGING SOURCE
Original cataloging agency DLC
Language of cataloging eng
Description conventions rda
Transcribing agency TZ-ArACH
042 ## - AUTHENTICATION CODE
Authentication code pcc
043 ## - GEOGRAPHIC AREA CODE
Geographic area code n------
-- s------
049 ## - LOCAL HOLDINGS (OCLC)
Holding library TZAA
050 00 - LIBRARY OF CONGRESS CALL NUMBER
Classification number KDZ574
Item number .C38 2019
100 1# - MAIN ENTRY--PERSONAL NAME
Personal name Cavallaro, James,
Relator term author.
245 10 - TITLE STATEMENT
Title Doctrine, practice, and advocacy in the Inter-American human rights system /
Statement of responsibility, etc James L. Cavallaro, Claret Vargas, Clara Sandoval, Bernard Duhaime with Caroline Bettinger-Lopez, Stephanie Erin Brewer, Diana Guzmán & Cecilia Naddeo.
260 ## - PUBLICATION, DISTRIBUTION, ETC. (IMPRINT)
Place of publication, distribution, etc New York, NY :
Name of publisher, distributor, etc Oxford University Press;
Date of publication, distribution, etc 2019.
300 ## - PHYSICAL DESCRIPTION
Extent viii, 958 pages ;
Dimensions 27 cm
504 ## - BIBLIOGRAPHY, ETC. NOTE
Bibliography, etc Includes bibliographical references and index.
505 0# - FORMATTED CONTENTS NOTE
Formatted contents note Introduction: Doctrine, practice, and advocacy in the Inter-American human rights system -- Evolution of the system : the Inter-American Commission and Court -- Petitioning the Inter-American system : admissibility requirements for contentious cases -- Jurisdiction beyond contentious cases : what else can the system do? -- Mass atrocity, contemporary responses and transitional justice -- The right to life -- Emergency, armed conflict, and human rights protections in the Inter-American system -- Detention and conditions in detention centers -- The rights to physical integrity, freedom from torture, and freedom from third-party violence -- Women's rights, gender, and sexuality -- The rights of children -- Indigenous and tribal peoples' rights and the Inter-American system -- Freedoms of belief, expression, assembly, and association -- Economic, social, and cultural rights -- Reparations and compliance -- The future of the Inter-American human rights system.
520 ## - SUMMARY, ETC.
Summary, etc "[This book focuses] on the inter-American human rights system, the primary system for advancing and protecting rights in the Western hemisphere. Created by the Organization of American States, the Inter-American Commission on Human Rights and the Inter-American Court of Human Rights are autonomous and independent bodies that make up the inter-American system. Together, they play a vital role, working closely with victims, civil society, and states to protect fundamental human rights in the Western hemisphere, particularly in Latin America. While the system is relatively unknown in legal academia in the United States and Canada, its study is mandatory in most law schools in the Americas. Government appointees, civil servants, high level actors, private attorneys, judges and legal scholars, and media regularly engage with the system in Latin America, implementing its determinations and applying its rulings and interpretations concerning the human rights of their citizens. Thus critical matters affecting vital rights, such as the peace process in Colombia, disappearances in Mexico, gang violence in the Northern Triangle (El Salvador, Honduras, and Guatemala) or trials for perpetrators of crimes against humanity in Argentina, all directly involve the rulings and actors of the Inter-American system. Increasingly, the inter-American system has advanced rights protection in the United States and Canada. The statements and determinations of the Inter-American Commission on the detention center at Guantanamo, for example, led to a global consensus opposing the prolonged use of pretrial detention at that site, while the Commission's ruling on the juvenile death penalty was cited by the United States Supreme Court in its holding finding that practice unconstitutional. A report by the Commission on murdered and missing indigenous women in British Columbia led to the creation of a National Commission of Inquiry on the subject by Canada. This book provides analysis on a wide range of practical issues that advocates face when interacting with the Commission or Court and explores current debates on possible reforms of the system. At the same time, it provides materials that consider the political dynamics that empower and constrain the system. [This book] takes as its point of departure a critical look at the real-world successes and failures of the system and human rights advocates in the Americas, including the tensions and trade-offs commonly confronted by activists as they seek to advance human rights."--
610 20 - SUBJECT ADDED ENTRY--CORPORATE NAME
Corporate name or jurisdiction name as entry element Inter-American Commission on Human Rights.
9 (RLIN) 1393
610 20 - SUBJECT ADDED ENTRY--CORPORATE NAME
Corporate name or jurisdiction name as entry element Inter-American Court of Human Rights.
610 27 - SUBJECT ADDED ENTRY--CORPORATE NAME
Corporate name or jurisdiction name as entry element Inter-American Commission on Human Rights.
Source of heading or term fast
9 (RLIN) 1393
610 27 - SUBJECT ADDED ENTRY--CORPORATE NAME
Corporate name or jurisdiction name as entry element Inter-American Court of Human Rights.
Source of heading or term fast
650 #0 - SUBJECT ADDED ENTRY--TOPICAL TERM
Topical term or geographic name as entry element Human rights
Geographic subdivision America.
650 #7 - SUBJECT ADDED ENTRY--TOPICAL TERM
Topical term or geographic name as entry element Human rights.
Source of heading or term fast
650 #7 - SUBJECT ADDED ENTRY--TOPICAL TERM
Topical term or geographic name as entry element Americas.
Source of heading or term pplt
650 #7 - SUBJECT ADDED ENTRY--TOPICAL TERM
Topical term or geographic name as entry element Human rights.
Source of heading or term pplt
650 #7 - SUBJECT ADDED ENTRY--TOPICAL TERM
Topical term or geographic name as entry element Inter-American Court of Human Rights.
Source of heading or term pplt
650 #7 - SUBJECT ADDED ENTRY--TOPICAL TERM
Topical term or geographic name as entry element Inter-American Commission on Human Rights.
Source of heading or term pplt
651 #7 - SUBJECT ADDED ENTRY--GEOGRAPHIC NAME
Geographic name America.
Source of heading or term fast
700 1# - ADDED ENTRY--PERSONAL NAME
Personal name Vargas, Claret,
Relator term author.
700 1# - ADDED ENTRY--PERSONAL NAME
Personal name Sandoval Villalba, Clara,
Relator term author.
700 1# - ADDED ENTRY--PERSONAL NAME
Personal name Duhaime, Bernard,
Relator term author.
700 1# - ADDED ENTRY--PERSONAL NAME
Personal name Bettinger-L�opez, Caroline,
Relator term author.
700 1# - ADDED ENTRY--PERSONAL NAME
Personal name Brewer, Stephanie Erin,
Relator term author.
700 1# - ADDED ENTRY--PERSONAL NAME
Personal name Guzm�an, Diana Esther,
Relator term author.
700 1# - ADDED ENTRY--PERSONAL NAME
Personal name Naddeo, Cecilia Cristina,
Relator term author.
776 08 - ADDITIONAL PHYSICAL FORM ENTRY
Main entry heading Cavallaro, James.
Title Doctrine, practice, and advocacy in the inter-American human rights system.
Place, publisher, and date of publication New York, NY : Oxford University Press, [2019]
International Standard Book Number 9780190900861
Record control number (OCoLC)1149013950
942 ## - ADDED ENTRY ELEMENTS (KOHA)
Source of classification or shelving scheme Library of Congress Classification
Koha item type Books
Holdings
Home library Current library Date acquired Full call number Barcode Koha item type
African Court on Human and Peoples' Rights Library African Court on Human and Peoples' Rights Library 29/09/2021 KDZ574 .C38 2019 10200312 Books
African Court on Human and Peoples' Rights Library African Court on Human and Peoples' Rights Library 25/01/2023 KDZ574 .C38 2019 10193758 Books

African Court on Human and Peoples' Rights | For Inquiries Contact » +255 272 510 510